[Event "Monarch Assurance Isle of Man 9th"]
[Site "Port Erin IOM"]
[Date "2000.10.14"]
[Round "1.22"]
[White "Schulz, Joerg"]
[Black "Spanton, Tim"]
[Result "1-0"]
[WhiteElo "1600"]
[BlackElo "2081"]
[PlyCount "113"]
[EventDate "2000.10.14"]
[EventType "swiss"]
[EventRounds "9"]
[EventCountry "IOM"]
[SourceTitle "BritBase"]
[SourceDate "2008.07.14"]
[SourceVersion "1"]
[SourceVersionDate "2008.07.14"]
[SourceQuality "2"]

1. Nf3 Nf6 2. c4 g6 3. g3 b6 4. Bg2 Bb7 5. Nc3 Bg7 6. d3 O-O 7. O-O d6 8. Bg5
h6 9. Bd2 e5 10. Qc1 Kh7 11. Ng5+ hxg5 12. Bxb7 Nbd7 13. Bxa8 Qxa8 14. Bxg5 Rh8
15. Qe3 Kg8 16. Qf3 Qc8 17. Nd5 Nxd5 18. cxd5 Rh5 19. Bd2 Nf6 20. Qg2 Ng4 21.
h3 Nf6 22. g4 Rh4 23. Bg5 Rh8 24. f4 Nd7 25. f5 gxf5 26. Rxf5 f6 27. Bd2 Kf7
28. Raf1 Qa6 29. g5 Rg8 30. Qf3 Ke7 31. Qh5 Qxa2 32. gxf6+ Bxf6+ 33. Bg5 Qxd5
34. Rxf6 Nxf6 35. Rxf6 Kd7 36. h4 a5 37. Qf7+ Kc6 38. Qxd5+ Kxd5 39. Kf2 b5 40.
Rf7 c6 41. Ke3 a4 42. Rb7 Kc5 43. Ke4 Kb4 44. Rc7 Kb3 45. Rxc6 Kxb2 46. Bc1+
Kb1 47. h5 Rg1 48. Ba3 Rg4+ 49. Kf5 Rf4+ 50. Kg5 b4 51. Rb6 b3 52. Bxd6 Rf2 53.
Bxe5 Rxe2 54. Rb5 b2 55. h6 Kc1 56. Bxb2+ Kc2 57. h7 1-0

[Event "Monarch Assurance Isle of Man 9th"]
[Site "Port Erin IOM"]
[Date "2000.10.15"]
[Round "2.1"]
[White "Peters, Stephen"]
[Black "Sherbakov, Ruslan"]
[Result "0-1"]
[WhiteElo "2157"]
[BlackElo "2558"]
[PlyCount "64"]
[EventDate "2000.10.14"]
[EventType "swiss"]
[EventRounds "9"]
[EventCountry "IOM"]
[SourceTitle "BritBase"]
[SourceDate "2008.07.14"]
[SourceVersion "1"]
[SourceVersionDate "2008.07.14"]
[SourceQuality "2"]

1. d4 Nf6 2. c4 e6 3. Nc3 Bb4 4. e3 O-O 5. Nge2 c6 6. a3 Ba5 7. b4 Bc7 8. Ng3
d5 9. cxd5 exd5 10. Be2 g6 11. e4 Nxe4 12. Ncxe4 dxe4 13. Nxe4 Bf5 14. Ng3 Be6
15. Bh6 Re8 16. O-O Nd7 17. Qd2 Nb6 18. Rae1 Bd5 19. h4 Qd6 20. Bd3 Bc4 21.
Bxc4 Nxc4 22. Qc3 Qd5 23. Ne2 Re4 24. g3 Rae8 25. Qd3 Ne5 26. Qc3 Rxh4 27. f3
Nxf3+ 28. Rxf3 Rxh6 29. Kg2 Qh5 30. Ng1 Rf8 31. Re7 Qh1+ 32. Kf2 Rh2+ 0-1

[Event "Monarch Assurance Isle of Man 9th"]
[Site "Port Erin IOM"]
[Date "2000.10.15"]
[Round "2.2"]
[White "Hebden, Mark"]
[Black "Gormally, Daniel W"]
[Result "1/2-1/2"]
[WhiteElo "2505"]
[BlackElo "2499"]
[PlyCount "180"]
[EventDate "2000.10.14"]
[EventType "swiss"]
[EventRounds "9"]
[EventCountry "IOM"]
[SourceTitle "BritBase"]
[SourceDate "2008.07.14"]
[SourceVersion "1"]
[SourceVersionDate "2008.07.14"]
[SourceQuality "2"]

1. Nf3 Nf6 2. c4 e6 3. d4 b6 4. g3 Ba6 5. b3 Bb4+ 6. Bd2 Be7 7. Bg2 d5 8. cxd5
exd5 9. O-O O-O 10. Nc3 c6 11. Qc2 Nbd7 12. Rfe1 Rc8 13. Bh3 c5 14. Qb2 cxd4
15. Nxd4 Bc5 16. Na4 Re8 17. Bg5 Rc7 18. Nxc5 bxc5 19. Nf5 Rc6 20. b4 Rb6 21.
a3 h6 22. Bf4 Nf8 23. Rac1 Ne6 24. Be5 Ng5 25. Bg2 Bc8 26. Nh4 Nh3+ 27. Bxh3
Bxh3 28. Rxc5 Ng4 29. Nf3 Nxe5 30. Nxe5 Rbe6 31. Nd3 g5 32. f3 Bf5 33. Qd4 Bxd3
34. Rxd5 Qc7 35. Qxd3 Re3 36. Qd4 Rxf3 37. exf3 Rxe1+ 38. Kf2 Re8 39. Qc5 Qb7
40. Rd2 Qa6 41. b5 Qe6 42. Kg2 Qe1 43. Rf2 Qe3 44. Qxe3 Rxe3 45. Ra2 Rb3 46. a4
Rb4 47. Kf2 Kf8 48. g4 Ke7 49. Kg3 Kd6 50. h4 f6 51. h5 f5 52. gxf5 Ke5 53. Rc2
Rxa4 54. Rc5+ Kf6 55. Rc6+ Kxf5 56. Rxh6 Rb4 57. Rh8 Kf6 58. Rh6+ Kf5 59. Rh7
Rxb5 60. Rf7+ Ke6 61. Rxa7 Rb4 62. Ra8 Kf6 63. Ra6+ Kf5 64. Ra2 Rb6 65. Ra5+
Kf6 66. Ra8 Rb4 67. Ra7 Rh4 68. Rh7 Rh1 69. Rh6+ Kf5 70. Rh8 Kf6 71. Kg2 Rh4
72. Rh7 Rb4 73. Rh6+ Kf5 74. Rh8 g4 75. Rf8+ Kg5 76. f4+ Kxh5 77. Rh8+ Kg6 78.
Kg3 Rb1 79. Kxg4 Rg1+ 80. Kf3 Rf1+ 81. Ke3 Kf6 82. Rf8+ Ke6 83. Ke2 Ra1 84. Kf3
Rf1+ 85. Kg2 Ra1 86. Kg3 Rg1+ 87. Kf2 Ra1 88. Kf3 Rf1+ 89. Kg2 Ra1 90. Kf3 Rf1+
1/2-1/2

[Event "Monarch Assurance Isle of Man 9th"]
[Site "Port Erin IOM"]
[Date "2000.10.15"]
[Round "2.3"]
[White "Cherniaev, Alexander"]
[Black "Plaskett, James"]
[Result "1-0"]
[WhiteElo "2454"]
[BlackElo "2529"]
[PlyCount "79"]
[EventDate "2000.10.14"]
[EventType "swiss"]
[EventRounds "9"]
[EventCountry "IOM"]
[SourceTitle "BritBase"]
[SourceDate "2008.07.14"]
[SourceVersion "1"]
[SourceVersionDate "2008.07.14"]
[SourceQuality "2"]

1. e4 d6 2. d4 g6 3. c4 Bg7 4. Nc3 Nf6 5. Be2 O-O 6. Nf3 c5 7. d5 e6 8. O-O Re8
9. Nd2 Na6 10. a3 Nc7 11. Bd3 a6 12. a4 b6 13. h3 Rb8 14. Nf3 exd5 15. cxd5 b5
16. Re1 c4 17. Bc2 b4 18. Ne2 b3 19. Bb1 Nxe4 20. Ned4 Nxf2 21. Rxe8+ Qxe8 22.
Kxf2 c3 23. Bd3 Nxd5 24. Bc4 Nf6 25. Ra3 Rb4 26. Bxb3 cxb2 27. Bxb2 Bb7 28. Qe1
Ne4+ 29. Kg1 a5 30. Bc3 Rb6 31. Bxa5 Ra6 32. Bb4 Qd8 33. a5 Nc5 34. Bc4 Ra8 35.
Re3 Kf8 36. Bb5 Nd7 37. Nc6 Qc7 38. Ncd4 Ne5 39. Nxe5 Bxe5 40. Rxe5 1-0

[Event "Monarch Assurance Isle of Man 9th"]
[Site "Port Erin IOM"]
[Date "2000.10.15"]
[Round "2.4"]
[White "Sutovsky, Emil"]
[Black "Valenti, Richard"]
[Result "1-0"]
[WhiteElo "2609"]
[BlackElo "2157"]
[PlyCount "57"]
[EventDate "2000.10.14"]
[EventType "swiss"]
[EventRounds "9"]
[EventCountry "IOM"]
[SourceTitle "BritBase"]
[SourceDate "2008.07.14"]
[SourceVersion "1"]
[SourceVersionDate "2008.07.14"]
[SourceQuality "2"]

1. e4 g6 2. d4 Bg7 3. Nc3 c6 4. f4 d5 5. e5 h5 6. Be3 Qb6 7. Na4 Qa5+ 8. c3 Nh6
9. Nf3 Bg4 10. b4 Qc7 11. h3 Nf5 12. Bf2 Bxf3 13. Qxf3 h4 14. Bd3 e6 15. O-O
Bf8 16. Nc5 Be7 17. Qg4 b6 18. Nxe6 fxe6 19. Qxg6+ Kd7 20. c4 Rh6 21. Qf7 dxc4
22. Bxf5 exf5 23. d5 Kc8 24. Qg7 Rh5 25. Qg6 Rh8 26. d6 Bxd6 27. exd6 Qh7 28.
Qe6+ Kb7 29. Qxc4 1-0

[Event "Monarch Assurance Isle of Man 9th"]
[Site "Port Erin IOM"]
[Date "2000.10.15"]
[Round "2.5"]
[White "Hickman, John"]
[Black "Ward, Chris"]
[Result "0-1"]
[WhiteElo "2121"]
[BlackElo "2510"]
[PlyCount "58"]
[EventDate "2000.10.14"]
[EventType "swiss"]
[EventRounds "9"]
[EventCountry "IOM"]
[SourceTitle "BritBase"]
[SourceDate "2008.07.14"]
[SourceVersion "1"]
[SourceVersionDate "2008.07.14"]
[SourceQuality "2"]

1. Nf3 c5 2. g3 Nc6 3. Bg2 g6 4. O-O Bg7 5. d3 e6 6. e4 Nge7 7. c3 d5 8. Qe2 h6
9. e5 g5 10. h3 b6 11. d4 a5 12. Rd1 Ba6 13. Qe1 cxd4 14. cxd4 Nb4 15. Na3 Nd3
16. Qd2 Nc6 17. Bf1 Ncb4 18. Ne1 Nxe1 19. Qxe1 Bxf1 20. Qxf1 O-O 21. Bd2 f6 22.
Bc3 fxe5 23. dxe5 Rf5 24. Qe2 Nc6 25. g4 Rf4 26. Rd3 Qe7 27. Nb5 Raf8 28. Re1
Qc5 29. Re3 d4 0-1

[Event "Monarch Assurance Isle of Man 9th"]
[Site "Port Erin IOM"]
[Date "2000.10.15"]
[Round "2.6"]
[White "Volkov, Sergey"]
[Black "Fraser-Mitchell, Jeremy"]
[Result "1-0"]
[WhiteElo "2554"]
[BlackElo "2113"]
[PlyCount "121"]
[EventDate "2000.10.14"]
[EventType "swiss"]
[EventRounds "9"]
[EventCountry "IOM"]
[SourceTitle "BritBase"]
[SourceDate "2008.07.14"]
[SourceVersion "1"]
[SourceVersionDate "2008.07.14"]
[SourceQuality "2"]

1. d4 Nf6 2. c4 c5 3. d5 e5 4. Nc3 d6 5. g3 Be7 6. Bg2 O-O 7. e4 Ne8 8. Nge2 g6
9. Bh6 Ng7 10. h4 Nd7 11. Qd2 Re8 12. f3 a6 13. a4 Rb8 14. Bh3 Nf8 15. Bxc8
Qxc8 16. g4 Qd7 17. h5 Bf6 18. Kf2 b6 19. Rh2 Rb7 20. Ng3 Reb8 21. Rah1 Qc7 22.
Kg1 b5 23. axb5 Qa5 24. Rg2 Qb4 25. bxa6 Ra7 26. Nb5 Qxd2 27. Rxd2 Rxa6 28. Kg2
Be7 29. Rb1 Ne8 30. Rd3 Ra4 31. b3 Ra2+ 32. Rd2 Rba8 33. Nc3 Rxd2+ 34. Bxd2 Nc7
35. Rb2 Rb8 36. Nge2 Nd7 37. Nc1 gxh5 38. gxh5 Kg7 39. N3e2 Bh4 40. Nd3 f5 41.
Kh3 Bf6 42. Ng3 fxe4 43. Nf5+ Kh8 44. fxe4 Ne8 45. Kg4 Bd8 46. Kf3 Ndf6 47. b4
cxb4 48. Bxb4 Bc7 49. h6 Kg8 50. Rg2+ Kf7 51. Ng7 Rc8 52. Ne6 Bb8 53. c5 dxc5
54. Bxc5 Nd7 55. Bb4 Rc4 56. Nd8+ Kf6 57. Be1 Ke7 58. Nc6+ Kd6 59. Nxb8 Nxb8
60. Rg8 Rc8 61. Bb4+ 1-0

[Event "Monarch Assurance Isle of Man 9th"]
[Site "Port Erin IOM"]
[Date "2000.10.15"]
[Round "2.7"]
[White "Kiriakov, Petr"]
[Black "Shepherd, Michael"]
[Result "1-0"]
[WhiteElo "2525"]
[BlackElo "2035"]
[PlyCount "39"]
[EventDate "2000.10.14"]
[EventType "swiss"]
[EventRounds "9"]
[EventCountry "IOM"]
[SourceTitle "BritBase"]
[SourceDate "2008.07.14"]
[SourceVersion "1"]
[SourceVersionDate "2008.07.14"]
[SourceQuality "2"]

1. d4 e6 2. c4 b6 3. e4 Bb7 4. Qc2 Qh4 5. Nd2 Bb4 6. Bd3 f5 7. Ngf3 Qh5 8. O-O
Nf6 9. h3 O-O 10. e5 g5 11. exf6 g4 12. hxg4 fxg4 13. Ne5 Rxf6 14. Ne4 Bxe4 15.
Bxe4 g3 16. fxg3 Rxf1+ 17. Kxf1 Nc6 18. Nxc6 Rf8+ 19. Kg1 dxc6 20. Bf4 1-0

[Event "Monarch Assurance Isle of Man 9th"]
[Site "Port Erin IOM"]
[Date "2000.10.15"]
[Round "2.8"]
[White "Akesson, Ralf"]
[Black "Schulz, Joerg"]
[Result "1-0"]
[WhiteElo "2486"]
[BlackElo "1600"]
[PlyCount "55"]
[EventDate "2000.10.14"]
[EventType "swiss"]
[EventRounds "9"]
[EventCountry "IOM"]
[SourceTitle "BritBase"]
[SourceDate "2008.07.14"]
[SourceVersion "1"]
[SourceVersionDate "2008.07.14"]
[SourceQuality "2"]

1. d4 d5 2. c4 e6 3. Nc3 c6 4. e3 Nf6 5. Nf3 Be7 6. Bd3 dxc4 7. Bxc4 b5 8. Bd3
Bb7 9. O-O Nbd7 10. e4 a6 11. e5 Nd5 12. Nxd5 cxd5 13. Bd2 b4 14. h4 a5 15. Ng5
Bxg5 16. Bxg5 Qb6 17. Rc1 Ba6 18. Bxa6 Qxa6 19. Qa4 Qb7 20. Rc6 O-O 21. Rfc1
Rfb8 22. Rc7 Nb6 23. Qd1 Qa6 24. Bf6 Rc8 25. Qh5 Nd7 26. Qg5 Kf8 27. Qxg7+ Ke8
28. Qg8+ 1-0

[Event "Monarch Assurance Isle of Man 9th"]
[Site "Port Erin IOM"]
[Date "2000.10.15"]
[Round "2.9"]
[White "Marusenko, Petr"]
[Black "Arkell, Keith"]
[Result "1/2-1/2"]
[WhiteElo "2327"]
[BlackElo "2481"]
[PlyCount "23"]
[EventDate "2000.10.14"]
[EventType "swiss"]
[EventRounds "9"]
[EventCountry "IOM"]
[SourceTitle "BritBase"]
[SourceDate "2008.07.14"]
[SourceVersion "1"]
[SourceVersionDate "2008.07.14"]
[SourceQuality "2"]

1. e4 c6 2. Nc3 d5 3. Nf3 Bg4 4. Be2 dxe4 5. Nxe4 Bxf3 6. Bxf3 Nd7 7. d4 Ngf6
8. O-O Nxe4 9. Bxe4 Nf6 10. Bf3 e6 11. c4 Be7 12. Be3 1/2-1/2

[Event "Monarch Assurance Isle of Man 9th"]
[Site "Port Erin IOM"]
[Date "2000.10.15"]
[Round "2.10"]
[White "Palliser, Richard"]
[Black "Kosteniuk, Alexandra"]
[Result "0-1"]
[WhiteElo "2322"]
[BlackElo "2398"]
[PlyCount "80"]
[EventDate "2000.10.14"]
[EventType "swiss"]
[EventRounds "9"]
[EventCountry "IOM"]
[SourceTitle "BritBase"]
[SourceDate "2008.07.14"]
[SourceVersion "1"]
[SourceVersionDate "2008.07.14"]
[SourceQuality "2"]

1. d4 f5 2. g3 Nf6 3. Bg2 g6 4. c4 Bg7 5. Nc3 d6 6. d5 O-O 7. Nh3 c5 8. Nf4 Ng4
9. Qb3 Na6 10. O-O Nc7 11. a4 Ne5 12. Bd2 Rb8 13. Nb5 a6 14. Nxc7 Qxc7 15. Ne6
Bxe6 16. dxe6 Nc6 17. e3 Nd8 18. Bd5 Qc8 19. e4 fxe4 20. Rae1 Nc6 21. Rxe4 Nd4
22. Qd3 b5 23. axb5 axb5 24. b3 bxc4 25. bxc4 Rb3 26. Rxd4 Rxd3 27. Rxd3 Qa6
28. Bc3 Bxc3 29. Rxc3 Qa2 30. Kg2 Rf5 31. Rf3 Rxd5 32. cxd5 Qxd5 33. Re1 Qc6
34. g4 c4 35. Kg3 d5 36. Rf7 d4 37. f4 c3 38. Rxe7 c2 39. Rd7 Qc3+ 40. Kf2
Qxe1+ 0-1

[Event "Monarch Assurance Isle of Man 9th"]
[Site "Port Erin IOM"]
[Date "2000.10.15"]
[Round "2.11"]
[White "Jackson, Adrian"]
[Black "Gladyszev, Oleg"]
[Result "1/2-1/2"]
[WhiteElo "2207"]
[BlackElo "2351"]
[PlyCount "58"]
[EventDate "2000.10.14"]
[EventType "swiss"]
[EventRounds "9"]
[EventCountry "IOM"]
[SourceTitle "BritBase"]
[SourceDate "2008.07.14"]
[SourceVersion "1"]
[SourceVersionDate "2008.07.14"]
[SourceQuality "2"]

1. d4 Nf6 2. Bg5 c5 3. Nc3 cxd4 4. Qxd4 Nc6 5. Qh4 b5 6. e4 a6 7. O-O-O Qa5 8.
Kb1 d6 9. Nge2 Be6 10. Nc1 Rc8 11. Nb3 Bxb3 12. cxb3 Nd7 13. Bd2 b4 14. Nd5 e6
15. Ne3 Nc5 16. Nc4 Qc7 17. Bf4 Ne5 18. Bxe5 dxe5 19. f4 exf4 20. e5 Qc6 21.
Qxf4 Qe4+ 22. Qxe4 Nxe4 23. Rc1 Be7 24. Be2 Bg5 25. Rc2 O-O 26. Bf3 f5 27. exf6
Nxf6 28. Bb7 Rc5 29. Bxa6 Rb8 1/2-1/2

[Event "Monarch Assurance Isle of Man 9th"]
[Site "Port Erin IOM"]
[Date "2000.10.15"]
[Round "2.12"]
[White "Cooper, Lawrence"]
[Black "Allen, Keith"]
[Result "1/2-1/2"]
[WhiteElo "2345"]
[BlackElo "2250"]
[PlyCount "56"]
[EventDate "2000.10.14"]
[EventType "swiss"]
[EventRounds "9"]
[EventCountry "IOM"]
[SourceTitle "BritBase"]
[SourceDate "2008.07.14"]
[SourceVersion "1"]
[SourceVersionDate "2008.07.14"]
[SourceQuality "2"]

1. e4 e5 2. Nf3 Nc6 3. Bb5 a6 4. Ba4 Nf6 5. O-O Be7 6. Qe2 b5 7. Bb3 d6 8. c3
O-O 9. Rd1 Na5 10. Bc2 c5 11. d4 Qc7 12. d5 c4 13. b4 cxb3 14. axb3 Bg4 15. h3
Bh5 16. b4 Nc4 17. Nbd2 Rfe8 18. Bd3 a5 19. bxa5 Rxa5 20. Rb1 Nd7 21. Rb4 Ndb6
22. g4 Bg6 23. Nb3 Ra4 24. Rxb5 Qd7 25. Rb4 Rxb4 26. cxb4 Qa4 27. Na5 Nxa5 28.
bxa5 Qxa5 1/2-1/2

[Event "Monarch Assurance Isle of Man 9th"]
[Site "Port Erin IOM"]
[Date "2000.10.15"]
[Round "2.13"]
[White "Goodger, Martyn"]
[Black "Arakhamia-Grant, Ketevan"]
[Result "0-1"]
[WhiteElo "2148"]
[BlackElo "2405"]
[PlyCount "68"]
[EventDate "2000.10.14"]
[EventType "swiss"]
[EventRounds "9"]
[EventCountry "IOM"]
[SourceTitle "BritBase"]
[SourceDate "2008.07.14"]
[SourceVersion "1"]
[SourceVersionDate "2008.07.14"]
[SourceQuality "2"]

1. e4 c5 2. c3 d5 3. exd5 Qxd5 4. d4 Nf6 5. Be3 cxd4 6. cxd4 e6 7. Nc3 Qa5 8.
Nf3 Nc6 9. a3 Be7 10. Bd3 O-O 11. O-O a6 12. Rc1 Rd8 13. Qe2 Bd7 14. Rfd1 Rac8
15. Ne4 Nxe4 16. Bxe4 Be8 17. Rc3 Qh5 18. Qc2 Bd6 19. d5 exd5 20. Rxd5 Bxh2+
21. Nxh2 Rxd5 22. Bf3 Qe5 23. Ng4 Qe6 24. Bxd5 Qxg4 25. Bf3 Qh4 26. Rc4 Qe7 27.
Be4 h6 28. Bc5 Qe6 29. b4 Rd8 30. Bf3 Ne5 31. Re4 Nxf3+ 32. gxf3 Qg6+ 33. Kf1
Bb5+ 34. Ke1 Qg1# 0-1

[Event "Monarch Assurance Isle of Man 9th"]
[Site "Port Erin IOM"]
[Date "2000.10.15"]
[Round "2.14"]
[White "Quinn, Mark"]
[Black "McLeod, Fraser"]
[Result "1-0"]
[WhiteElo "2381"]
[BlackElo "2132"]
[PlyCount "79"]
[EventDate "2000.10.14"]
[EventType "swiss"]
[EventRounds "9"]
[EventCountry "IOM"]
[SourceTitle "BritBase"]
[SourceDate "2008.07.14"]
[SourceVersion "1"]
[SourceVersionDate "2008.07.14"]
[SourceQuality "2"]

1. Nf3 c5 2. c4 Nf6 3. Nc3 d5 4. cxd5 Nxd5 5. d4 cxd4 6. Qxd4 Nxc3 7. Qxc3 Nc6
8. e4 e6 9. a3 Bd7 10. b4 Rc8 11. Qb3 Be7 12. Bb2 O-O 13. Bd3 Qb6 14. O-O Rfd8
15. Rad1 Be8 16. h4 a5 17. b5 Bc5 18. e5 Nd4 19. Bxd4 Bxd4 20. Qb1 h6 21. a4
Kh8 22. Be2 Bc5 23. Qe4 Rxd1 24. Bxd1 Bf8 25. Bc2 g6 26. Bb1 Qc5 27. Qxb7 Bg7
28. Rd1 Kg8 29. Qe4 Qc4 30. Rd4 Qc1+ 31. Kh2 Qf1 32. Kg3 Rc1 33. Bd3 Qd1 34.
Rd8 Kf8 35. Qa8 Bxe5+ 36. Nxe5 h5 37. Rxe8+ Kg7 38. Rg8+ Kf6 39. Qd8+ Kxe5 40.
f4# 1-0

[Event "Monarch Assurance Isle of Man 9th"]
[Site "Port Erin IOM"]
[Date "2000.10.15"]
[Round "2.15"]
[White "Rayner, Francis"]
[Black "Rattray, Ross"]
[Result "1-0"]
[WhiteElo "2256"]
[BlackElo "2109"]
[PlyCount "69"]
[EventDate "2000.10.14"]
[EventType "swiss"]
[EventRounds "9"]
[EventCountry "IOM"]
[SourceTitle "BritBase"]
[SourceDate "2008.07.14"]
[SourceVersion "1"]
[SourceVersionDate "2008.07.14"]
[SourceQuality "2"]

1. e4 c5 2. Nf3 e6 3. d3 Nc6 4. g3 d5 5. Nbd2 Nge7 6. Bg2 g6 7. O-O Bg7 8. Re1
O-O 9. e5 Qc7 10. Qe2 b6 11. Nf1 h6 12. h4 a5 13. c3 Ba6 14. Bf4 Kh7 15. N1h2
Ng8 16. Ng4 Qe7 17. Qd2 Rac8 18. Kh2 f5 19. exf6 Nxf6 20. Nxh6 Bxh6 21. Bxh6
Ng4+ 22. Kg1 Rxf3 23. Bxf3 Nxh6 24. Bxd5 Qd6 25. Be4 Ne5 26. h5 Bxd3 27. f4
Nhg4 28. fxe5 Nxe5 29. Rf1 c4 30. hxg6+ Kg7 31. Bxd3 Nxd3 32. Qg5 b5 33. Rf7+
Kg8 34. Qh4 Qc5+ 35. Kh2 1-0

[Event "Monarch Assurance Isle of Man 9th"]
[Site "Port Erin IOM"]
[Date "2000.10.15"]
[Round "2.17"]
[White "Hughes, Andrew"]
[Black "Reinemer, Frank"]
[Result "1/2-1/2"]
[WhiteElo "2043"]
[BlackElo "2186"]
[PlyCount "83"]
[EventDate "2000.10.14"]
[EventType "swiss"]
[EventRounds "9"]
[EventCountry "IOM"]
[SourceTitle "BritBase"]
[SourceDate "2008.07.14"]
[SourceVersion "1"]
[SourceVersionDate "2008.07.14"]
[SourceQuality "2"]

1. e4 Nf6 2. e5 Nd5 3. d4 d6 4. Nf3 g6 5. Bc4 Nb6 6. Bb3 Bg7 7. Qe2 Nc6 8. c3
O-O 9. e6 d5 10. exf7+ Rxf7 11. Ng5 Rf6 12. f4 Na5 13. Bc2 Nac4 14. Nd2 Nxd2
15. Bxd2 Nc4 16. O-O-O Qd6 17. Ne4 dxe4 18. Qxc4+ Be6 19. Qa4 b5 20. Qxb5 Bxa2
21. Bxe4 c6 22. Qa4 Bd5 23. Rhe1 Qc7 24. c4 Bf7 25. g3 Rb8 26. Bc3 Rd6 27. c5
Rd7 28. Qxc6 Qd8 29. Bc2 Rxd4 30. Bxd4 Bxd4 31. b3 Qa5 32. Qa4 Bb2+ 33. Kxb2
Qxa4 34. Rd8+ Be8 35. Rxb8 Qd4+ 36. Kb1 Kf8 37. Re5 Qg1+ 38. Kb2 Qd4+ 39. Ka2
Qf2 40. Kb2 Qd4+ 41. Kc1 Qg1+ 42. Kb2 1/2-1/2

[Event "Monarch Assurance Isle of Man 9th"]
[Site "Port Erin IOM"]
[Date "2000.10.15"]
[Round "2.18"]
[White "Nicholson, John"]
[Black "Sedgwick, David"]
[Result "0-1"]
[WhiteElo "2021"]
[BlackElo "2091"]
[PlyCount "74"]
[EventDate "2000.10.14"]
[EventType "swiss"]
[EventRounds "9"]
[EventCountry "IOM"]
[SourceTitle "BritBase"]
[SourceDate "2008.07.14"]
[SourceVersion "1"]
[SourceVersionDate "2008.07.14"]
[SourceQuality "2"]

1. e4 e6 2. d4 d5 3. e5 c5 4. c3 Qb6 5. Nf3 Nc6 6. a3 c4 7. Nbd2 Na5 8. g3 f6
9. exf6 Nxf6 10. Ne5 Bd6 11. f4 O-O 12. Bh3 Bxe5 13. fxe5 Ne4 14. Nxe4 dxe4 15.
Qe2 Nb3 16. Rb1 Nxc1 17. Rxc1 Bd7 18. Rf1 e3 19. Rb1 Qc6 20. Bg2 Rxf1+ 21. Kxf1
Qa4 22. Qxe3 Qc2 23. Rc1 Qxb2 24. Kg1 Qxa3 25. Bxb7 Rf8 26. Be4 Qe7 27. d5 exd5
28. Bxd5+ Be6 29. Bxe6+ Qxe6 30. Qxa7 Qxe5 31. Qd4 Qb5 32. Rf1 Re8 33. Rd1 h6
34. Rf1 Re2 35. Rf2 Qb1+ 36. Kg2 Qb7+ 37. Kf1 Re6 0-1

[Event "Monarch Assurance Isle of Man 9th"]
[Site "Port Erin IOM"]
[Date "2000.10.15"]
[Round "2.19"]
[White "Johnson, Paul A"]
[Black "Yurenok, Maria"]
[Result "0-1"]
[WhiteElo "1728"]
[BlackElo "2058"]
[PlyCount "150"]
[EventDate "2000.10.14"]
[EventType "swiss"]
[EventRounds "9"]
[EventCountry "IOM"]
[SourceTitle "BritBase"]
[SourceDate "2008.07.14"]
[SourceVersion "1"]
[SourceVersionDate "2008.07.14"]
[SourceQuality "2"]

1. d4 d5 2. c4 c6 3. Nf3 Nf6 4. cxd5 cxd5 5. Nc3 e6 6. Bf4 Nc6 7. e3 a6 8. a3
Be7 9. Bd3 O-O 10. h3 Bd7 11. O-O Rc8 12. Rc1 Na5 13. Ne5 b5 14. b4 Nc4 15. Qb3
Nd2 16. Qc2 Nxf1 17. Kxf1 Ne4 18. Bxe4 dxe4 19. Qxe4 f6 20. Nd3 Qb6 21. Nc5
Bxc5 22. dxc5 Qc6 23. Bd6 Rf7 24. Qd3 Re8 25. Rd1 Bc8 26. f3 f5 27. Qc2 Bb7 28.
Rd2 Qc8 29. Qd1 Bc6 30. Be5 Rd7 31. Rd6 Rxd6 32. Bxd6 Qd7 33. Qd4 Ra8 34. Kg1
a5 35. Kh2 axb4 36. axb4 Ra7 37. Kg3 h6 38. h4 Kh7 39. e4 fxe4 40. fxe4 Kg8 41.
Kh2 Qf7 42. Ne2 Qh5 43. Qf2 Bxe4 44. Nd4 Qd5 45. Qf8+ Kh7 46. Nf3 Bxf3 47. Qxf3
Qxf3 48. gxf3 Ra6 49. Kg3 Kg6 50. Kg4 Kf6 51. Kf4 Rc6 52. Be5+ Kf7 53. Kg4 Ra6
54. Bd6 Kf6 55. Kf4 Rc6 56. Be5+ Kg6 57. Kg4 Rc8 58. Bd6 h5+ 59. Kf4 Kf6 60.
Be5+ Kf7 61. Ke4 g6 62. Bd6 Kf6 63. Be5+ Ke7 64. Bd6+ Kf6 65. f4 Rc6 66. Be5+
Ke7 67. Bd6+ Kf6 68. Be5+ Kf7 69. Bd6 Ra6 70. Ke5 Ra1 71. c6 Re1+ 72. Kd4 Rc1
73. Bc5 Ke8 74. Ke5 Kd8 75. Kd6 Kc8 {(Black won after about another 20 moves)}
0-1

[Event "Monarch Assurance Isle of Man 9th"]
[Site "Port Erin IOM"]
[Date "2000.10.15"]
[Round "2.20"]
[White "Spanton, Tim"]
[Black "Hill, David F"]
[Result "1/2-1/2"]
[WhiteElo "2081"]
[BlackElo "1992"]
[PlyCount "44"]
[EventDate "2000.10.14"]
[EventType "swiss"]
[EventRounds "9"]
[EventCountry "IOM"]
[SourceTitle "BritBase"]
[SourceDate "2008.07.14"]
[SourceVersion "1"]
[SourceVersionDate "2008.07.14"]
[SourceQuality "2"]

1. e4 e6 2. d4 d5 3. Nc3 Bb4 4. e5 c5 5. Bd2 Ne7 6. a3 Bxc3 7. Bxc3 cxd4 8.
Bxd4 Nbc6 9. Nf3 Nxd4 10. Nxd4 Nc6 11. f4 Qb6 12. Bb5 O-O 13. Bxc6 bxc6 14. b4
a5 15. c3 axb4 16. axb4 Ba6 17. Qd2 c5 18. bxc5 Qxc5 19. Kf2 Rfc8 20. Rhc1 Qc4
21. g3 Qd3 22. Qxd3 Bxd3 1/2-1/2

[Event "Monarch Assurance Isle of Man 9th"]
[Site "Port Erin IOM"]
[Date "2000.10.15"]
[Round "2.21"]
[White "Garces, Diego"]
[Black "Benson, Paul"]
[Result "1/2-1/2"]
[WhiteElo "2154"]
[BlackElo "2011"]
[PlyCount "29"]
[EventDate "2000.10.14"]
[EventType "swiss"]
[EventRounds "9"]
[EventCountry "IOM"]
[SourceTitle "BritBase"]
[SourceDate "2008.07.14"]
[SourceVersion "1"]
[SourceVersionDate "2008.07.14"]
[SourceQuality "2"]

1. c4 e6 2. Nc3 d5 3. cxd5 exd5 4. d4 f5 5. Nf3 c6 6. Bf4 Na6 7. e3 Nf6 8. a3
Nc7 9. Be2 Ne6 10. Be5 Be7 11. O-O O-O 12. b4 b5 13. Qb3 a6 14. a4 Bd7 15. axb5
1/2-1/2

[Event "Monarch Assurance Isle of Man 9th"]
[Site "Port Erin IOM"]
[Date "2000.10.15"]
[Round "2.22"]
[White "Clark, Stephen P"]
[Black "Van Kemenade, Rudy"]
[Result "1-0"]
[WhiteElo "2133"]
[BlackElo "2080"]
[PlyCount "105"]
[EventDate "2000.10.14"]
[EventType "swiss"]
[EventRounds "9"]
[EventCountry "IOM"]
[SourceTitle "BritBase"]
[SourceDate "2008.07.14"]
[SourceVersion "1"]
[SourceVersionDate "2008.07.14"]
[SourceQuality "2"]

1. d4 f5 2. Bf4 d6 3. c4 Nf6 4. e3 g6 5. Be2 Bg7 6. Nc3 O-O 7. h4 h6 8. Qc2 Qe8
9. d5 Na6 10. a3 c6 11. Nf3 Bd7 12. Nd4 Rc8 13. Bf3 Nc7 14. Qb3 c5 15. Nde2 b5
16. O-O Rb8 17. Rab1 Nh7 18. Bg3 g5 19. Nc1 b4 20. Nd1 a5 21. Re1 Qg6 22. Qd3
Qf6 23. hxg5 hxg5 24. axb4 cxb4 25. Nb3 a4 26. Nd4 Na6 27. Ne6 Bxe6 28. dxe6
Nc5 29. Qc2 b3 30. Qd2 a3 31. bxa3 Rb6 32. Nb2 Qc3 33. Qe2 g4 34. Bd5 Qc2 35.
Bh4 Re8 36. e4 Nf8 37. exf5 Qxf5 38. a4 Ng6 39. Bg3 Ne5 40. a5 Ra6 41. Qd2 Rb8
42. Bh4 Kf8 43. Bg5 Nxe6 44. Bxe6 Qxe6 45. Nd3 Qxc4 46. Nxe5 Bxe5 47. Rbc1 Qd4
48. Bh6+ Kf7 49. Qg5 Rg8 50. Qf5+ Bf6 51. Rxe7+ Kxe7 52. Rc7+ Kd8 53. Qd7# 1-0